Law and social transformation in India / (Record no. 77594)

MARC details
000 -LEADER
fixed length control field 00840nam a22002417a 4500
005 - DATE AND TIME OF LATEST TRANSACTION
control field 20140821155448.0
010 ## - LCCN (DPL NO)
LC control number B-522416-423 ENG-110568
020 ## - INTERNATIONAL STANDARD BOOK NUMBER
International Standard Book Number 9789380231136
Terms of availability 365.00
035 ## - SYSTEM CONTROL NUMBER
System control number B-522416-423
035 ## - SYSTEM CONTROL NUMBER
System control number EN-94100
037 ## - SOURCE OF ACQUISITION
Stock number dpl
Source of stock number/acquisition UBH/vendor
037 ## - SOURCE OF ACQUISITION
Source of stock number/acquisition DBAD/PUB
082 ## - DEWEY DECIMAL CLASSIFICATION NUMBER
Classification number 340.0954
100 ## - MAIN ENTRY--PERSONAL NAME
Personal name Malik, Krishna Pal
245 ## - TITLE STATEMENT
Title Law and social transformation in India /
Statement of responsibility, etc by Krishna Pal Malik [and] Kaushik C. Raval
260 ## - PUBLICATION, DISTRIBUTION, ETC. (IMPRINT)
Place of publication, distribution, etc Faridabad
Name of publisher, distributor, etc Allahabad Law Agency
Date of publication, distribution, etc 2012(repr.)
270 ## - ADDRESS
Address 16/2 Karkhana Bagh Mathura Road
City Faridabad
300 ## - PHYSICAL DESCRIPTION
Extent xI,571p.
Dimensions 25cm(pbk)
500 ## - GENERAL NOTE
General note Includes bibliographical references
700 ## - ADDED ENTRY--PERSONAL NAME
Personal name Raval, Kaushik C.
942 ## - ADDED ENTRY ELEMENTS (KOHA)
Source of classification or shelving scheme Dewey Decimal Classification
Item type English Books
Classification part 340.0954
Call number suffix MAL
Holdings
Withdrawn status Lost status Not for loan Collection code Home library Current library Date acquired Source of acquisition Cost, normal purchase price Full call number Barcode Copy number Cost, replacement price Koha item type
      Non-fiction Bawana Bawana 25/07/2013 UBH/336/26.03.2013/180/08.03.2013/28.03.2013 365.00 340.0954 MAL B-522421 1 365.00 English Books
    Not For Loan Non-fiction D.B.Act.Division D.B.Act.Division 28/07/2014 DBAD/PUB 365.00 340.0954 MAL EN-94100 1 365.00 English Books
      Non-fiction Janak Puri Janak Puri 25/07/2013 UBH/336/26.03.2013/180/08.03.2013/28.03.2013 365.00 340.0954 MAL B-522420 1 365.00 English Books
      Non-fiction Kasturba Gandhi Marg Kasturba Gandhi Marg 25/07/2013 UBH/336/26.03.2013/180/08.03.2013/28.03.2013 365.00 340.0954 MAL B-522417 1 365.00 English Books
      Non-fiction Narela Narela 25/07/2013 UBH/336/26.03.2013/180/08.03.2013/28.03.2013 365.00 340.0954 MAL B-522422 1 365.00 English Books
      Non-fiction Patel Nagar Patel Nagar 25/07/2013 UBH/336/26.03.2013/180/08.03.2013/28.03.2013 365.00 340.0954 MAL B-522416 1 365.00 English Books
  Lost and Paid For   Non-fiction Peshwa Road Peshwa Road 25/07/2013 UBH/336/26.03.2013/180/08.03.2013/28.03.2013 365.00 340.0954 MAL B-522418 1 365.00 English Books
      Non-fiction Shahdara Branch Shahdara Branch 25/07/2013 UBH/336/26.03.2013/180/08.03.2013/28.03.2013 365.00 340.0954 MAL B-522423 1 365.00 English Books
      Non-fiction Tri Nagar Tri Nagar 25/07/2013 UBH/336/26.03.2013/180/08.03.2013/28.03.2013 365.00 340.0954 MAL B-522419 1 365.00 English Books

© Delhi Public Library
Hit Counter
free hit counter